Normal view
MARC view
- Supervisor: Dr. Ammar Tariq
Entry Personal Name
001 - CONTROL NUMBER
- control field: 126970
003 - CONTROL NUMBER IDENTIFIER
- control field: NUST
005 - DATE AND TIME OF LATEST TRANSACTION
- control field: 20241120150932.0
008 - FIXED-LENGTH DATA ELEMENTS
- fixed length control field: 241120|| aca||aabn | a|a d
040 ## - CATALOGING SOURCE
- Original cataloging agency: NUST
- Transcribing agency: NUST
100 ## - HEADING--PERSONAL NAME
- Personal name: Supervisor: Dr. Ammar Tariq
670 ## - SOURCE DATA FOUND
- Source citation: Work cat.: (NUST): Ahzam ,Syed Muhammad 126969, Maximizing Micro-Channel Heat Transfer Efficiency with Longitudinal Vortex Generators and Advanced Tri-Hybrid Nano-Fluids /
